Statistics for NBL teams of the 90's (Australian basketball)

Click here to take the quiz!

General Stats

  • This quiz has been taken 206 times
    (99 since last reset)
  • The average score is 13 of 19

Answer Stats

Team LocationTeam Name% Correct
Adelaide36ers
97%
BrisbaneBullets
94%
CairnsTaipans
90%
SydneyKings
85%
PerthWildcats
79%
MelbourneTigers
77%
WollongongHawks
76%
TownsvilleCrocodiles
73%
North MelbourneGiants
67%
GeelongSupercats
65%
CanberraCannons
63%
South East MelbourneMagic
62%
HobartTassie Devils
55%
West SydneyRazorbacks
53%
VictoriaTitans
47%
NewcastleFalcons
44%
Gold CoastRollers
44%
EastsideSpectres
42%
South MelbourneSaints
38%

Score Distribution

Percentile by Number Answered

Percent of People with Each Score

Your Score History

You have not taken this quiz since the last reset